| 000 | 01388nam0a22003011 4500 | ||
|---|---|---|---|
| 001 | rc\2762709 | ||
| 005 | 20250529152921.0 | ||
| 035 | _a(NLR Aleph) 006889267 | ||
| 090 |
_a7129178 _c7129178 |
||
| 100 | _a20110915g19401941|||y0rusy50 ca | ||
| 101 | 0 | _arus | |
| 102 | _aRU | ||
| 105 | _aa z ||||| | ||
| 200 | 1 |
_aРуководство к лабораторным работам по физике _fСост. сотрудниками Кафедры физики: С. В. Андреевым, Ф. А. Зибером, В. А. Иоффе [и др.] _gПод общей ред. проф. Е. Б. Лопухина _gЛенингр. технол. ин-т Всекопромсовета им. Молотова |
|
| 210 |
_aЛенинград _cЛТИ им. В. М.Молотова _d1940 (обл: 1941) |
||
| 215 |
_a172 с. _cил., черт. _d24 см. |
||
| 300 | _aНа обл. составители не указаны | ||
| 300 | _aЛитогр. изд. | ||
| 702 | 1 |
_aЗибер _bФ.А. _4220 |
|
| 702 | 1 |
_4220 _7ca _8rus _aИоффе _bВ. А. _f1910-1985 _gВалентина Абрамовна _9215500 _3RU\NLR\AUTH\770215556 |
|
| 702 | 1 |
_aАндреев _bС.В. _4220 |
|
| 702 | 1 |
_aЛопухин _bЕ.Б. _gЕвгений Борисович _4340 |
|
| 801 | 0 |
_aRU _bNLR _gpsbo |
|
| 801 | 1 |
_aRU _bELAR _2rusmarc |
|
| 852 |
_aNLR _jФз02 В-7/3 |
||
| 942 | _cBOOK | ||
| 980 | _aNB | ||